Online
Catalog

Manual del ayuntamiento : (Record no. 29581)

MARC details
000 -CABECERA
campo de control de longitud fija 00879nam a2200193 a 4500
001 - NÚMERO DE CONTROL
campo de control 000030089
005 - FECHA Y HORA DE LA ÚLTIMA TRANSACCIÓN
campo de control 20200930060031.0
008 - DATOS DE LONGITUD FIJA--INFORMACIÓN GENERAL
campo de control de longitud fija 110429s20uu dr 000 0 spa d
040 ## - FUENTE DE LA CATALOGACIÓN
Centro catalogador/agencia de origen DO-SdBNP
Lengua de catalogación spa
Centro/agencia transcriptor BNPHU
049 ## - FONDOS LOCALES (OCLC)
Fondos de biblioteca BNPD
110 2# - ENTRADA PRINCIPAL--NOMBRE DE ENTIDAD CORPORATIVA
Nombre de entidad corporativa o nombre de jurisdicción como elemento de entrada Reública Dominicana
Unidad subordinada Comisión Presidencial para la reforma y Modernización del Estado
9 (RLIN) 56789
245 10 - MENCIÓN DE TÍTULO
Título Manual del ayuntamiento :
Resto del título Funciones de las autoridades y empleados municipales.
260 ## - PUBLICACIÓN, DISTRIBUCIÓN, ETC.
Lugar de publicación, distribución, etc. Santo Domingo :
Nombre del editor, distribuidor, etc. Liga Municipal,
Fecha de publicación, distribución, etc. [200?].
300 ## - DESCRIPCIÓN FÍSICA
Extensión 28 p. :
Otras características físicas il. ;
Dimensiones 21 cm.
490 1# - MENCIÓN DE SERIE
Mención de serie Cuadernos municipales
Designación de volumen o secuencia 2
500 ## - NOTA GENERAL
Nota general Incluye notas al pie de las páginas
505 2# - NOTA DE CONTENIDO CON FORMATO
Nota de contenido con formato Presidente del ayuntamiento -- Síndico-- Vice-Síndico -- Tesorero --Secretario -- Distritos municpales -- Jefe del distrito municipal -- Secciones municipales -- Alcaides pedáneos -- Inspectores
830 #0 - PUNTO DE ACCESO ADICIONAL DE SERIE-TÍTULO UNIFORME
Título uniforme Cuadernos municipales
Designación de volumen o secuencia 2
9 (RLIN) 56790
Holdings
Estado de retiro Estado de pérdida Restricciones de uso No para préstamo Código de colección Localización permanente Ubicación/localización actual Ubicación en estantería Fecha de adquisición Número de inventario Total de préstamos Signatura topográfica completa Código de barras Fecha visto por última vez Número de copia Precio válido a partir de Tipo de ítem Koha
        Dominicana de Servicio General General Depósito 03.12.2013 LF1   30089-30 25.06.2020 e. 3 25.06.2020 Libro y Folleto Colección Dominicana de Servicio
      Excluido de préstamo Patrimonio Dominicano Patrimonio Dominicano Patrimonio Dominicano Depósito 29.04.2011 LF1   30089-10 25.06.2020   25.06.2020 Libro y Folleto Colección Patrimonio Dominicano
      Excluido de préstamo Patrimonio Dominicano Patrimonio Dominicano Patrimonio Dominicano Depósito 29.04.2011 LF1   30089-20 25.06.2020 e. 2 25.06.2020 Libro y Folleto Colección Patrimonio Dominicano

Powered by Koha